| 000 | 00824nam a2200205Ii 4500 | ||
|---|---|---|---|
| 003 | JO-AjNU | ||
| 008 | 230605s9999||||xx |||||||||||||| ||und|| | ||
| 040 |
_aJO-AjNU _bara _erda _cJO-AjNU |
||
| 041 | _aara | ||
| 050 | 1 | 4 | _aBP144 2015 |
| 100 | 3 |
_aالكويت: وحدة البحث العلمي بدائرة الإفتاء تأليف؛ أحمد الحجي الكردي..... وآخرون مراجعة , _eauthor _958507 |
|
| 245 | 0 | 0 | _aالمذاهب الفقهية الأربعة: أئمتها - أطوارها - أصولها - آثارها |
| 250 | _aط1 | ||
| 264 | 3 | 1 | _aالكويت: دائرة الإفتاء، 2015 |
| 300 | _a224ص | ||
| 336 |
_atext _btxt _2rdacontent |
||
| 337 |
_aunmediated _bn _2rdamedia |
||
| 338 |
_avolume _bnc _2rdacarrier |
||
| 650 | 4 |
_aالمذاهب الفقهية الأربعة _958508 |
|
| 999 |
_aA26277 _c29845 _d29845 |
||